The Architecture of Innovation : the Economics of Creative Organizations /

Salvato in:
Dettagli Bibliografici
Autore principale: Lerner, Josh (Autore)
Natura: Libro
Lingua:inglese
Pubblicazione: Oxford Oxford University Press 2012
Soggetti:
Tags: Aggiungi Tag
Nessun Tag, puoi essere il primo ad aggiungerne!!

MARC

LEADER 00000nam a22000003a 4500
001 0030823
003 SK-STU
005 20180131124351.8
007 ta
008 180131s ----xo-----e------000-0-----d
020 |a 978-0-19-963989-2 
040 |a STU  |b slo 
041 0 |a eng 
044 |a xxk 
100 1 |a Lerner, Josh  |4 aut 
245 1 0 |a The Architecture of Innovation :  |b the Economics of Creative Organizations /  |c aut. Josh Lerner 
260 |a Oxford  |b Oxford University Press  |c 2012 
300 |a 206 s. 
650 0 7 |a inovačné procesy 
996 |b 284M087603  |c M* 14092-1  |l MMKN  |s A  |a 24  |w 0030823_0001